00784 a2200193 4500999001300000010001400013020002300027035001300050037001800063082001100081100002700092245013700119260009400256300003400350650002000384700001500404942004500419952012600464 c745d745 aENG-84919 a8177581732c350.00 aEN-68452 bD.B.Act / Pub a641.36 aChakravarty, Sitangsu. aBest of India, the choicest regional recipescSitangsu Chakravarty ; food photographs by Amit Dey ; illustrations by Rohit Kathuria. aDelhi :bDorling Kindersley (India), licensees of Pearson Education in South Asia,c2006. a166 p. :bcol. ill. ;c25 cm. aCookery, Indic. aDey, Amit, adplcENk641.36 / CHA2ddch641.36m CHA 00104070aDBADbDBADd2008-08-20g350.00l0o641.36 CHApEN-68452r2008-09-15 00:00:00t1u726v350.00w2008-09-15yEN